[Event "13. Lichtenberger Sommer"]
[Site "?"]
[Date "2014.08.24"]
[Round "9.102"]
[White "Walther, Lothar"]
[Black "Mueller, Joerg"]
[Result "0-1"]
[WhiteElo "1530"]
[BlackElo "1850"]
[PlyCount "56"]
[EventDate "2014.??.??"]
[WhiteTeam "SV Turbine Berlin e.V."]
[BlackTeam "vereinslos"]

1. Nf3 c5 2. Nc3 Nc6 3. e4 d6 4. Bb5 e6 5. a3 Nge7 6. d4 cxd4 7. Nxd4 a6 8. Bc4
Qc7 9. O-O g6 10. Nce2 Bg7 11. c3 Nxd4 12. Ba2 Nxe2+ 13. Qxe2 Bd7 14. Qd2 O-O
15. Rb1 Rac8 16. c4 b5 17. b3 Rb8 18. Bb2 Bxb2 19. Rxb2 Kg7 20. Rc1 Qb7 21.
cxb5 Bxb5 22. Qc3+ e5 23. Qf3 Rbc8 24. Rd1 Rfd8 25. b4 f5 26. Bd5 Nxd5 27. exd5
Rd7 28. Qb3 Rdc7 0-1

[Event "13. Lichtenberger Sommer"]
[Site "?"]
[Date "2014.08.24"]
[Round "9.103"]
[White "Lange, Johannes Friedrich"]
[Black "Schönemann, Manfred"]
[Result "0-1"]
[WhiteElo "1268"]
[BlackElo "1781"]
[PlyCount "138"]
[EventDate "2014.??.??"]
[WhiteTeam "Schachunion Berlin e.V."]
[BlackTeam "SV Turbine Berlin e.V."]

1. d4 Nf6 2. c4 e6 3. Nc3 d5 4. Bg5 Nbd7 5. Nf3 Be7 6. e3 O-O 7. Bd3 h6 8. Bf4
a6 9. cxd5 exd5 10. O-O c6 11. Qc2 Nh5 12. Be5 Nxe5 13. Nxe5 Bd6 14. Bf5 Bxe5
15. dxe5 g6 16. Bxc8 Rxc8 17. Rad1 Qa5 18. e6 Kg7 19. exf7 Rxf7 20. Na4 Nf6 21.
Nc3 Qc5 22. Rd2 Rcf8 23. Ne2 Qd6 24. Nf4 Ng4 25. h3 Ne5 26. Qc3 Kg8 27. Ne2 h5
28. Qd4 Rf3 29. Qc3 Rxh3 30. Nf4 Rxf4 31. gxh3 Nf3+ 32. Kh1 Rh4 33. Kg2 Nxd2
34. Qxd2 Qe6 35. Rh1 Re4 36. Kf1 Rh4 37. Kg2 Re4 38. Kf1 Qe7 39. Rg1 Kh7 40.
Qd3 Qe6 41. Rg3 h4 42. Rf3 Kh6 43. Kg2 Kh5 44. Rf8 Qe5 45. Rf3 g5 46. Kf1 Qxb2
47. Rf7 Qa1+ 48. Ke2 Qxa2+ 49. Ke1 Qa1+ 50. Ke2 Qb2+ 51. Ke1 Qc1+ 52. Ke2 Qb2+
53. Ke1 Qb4+ 54. Ke2 Qb5 55. Qxb5 axb5 56. Rxb7 Rc4 57. Rc7 g4 58. Rh7+ Kg5 59.
Rg7+ Kf5 60. hxg4+ Rxg4 61. Rxg4 Kxg4 62. f4 h3 63. Kf2 b4 64. f5 Kxf5 65. Kg3
Ke4 66. Kxh3 Kxe3 67. Kg2 b3 68. Kf1 b2 69. Ke1 b1=Q# 0-1

[Event "13. Lichtenberger Sommer"]
[Site "?"]
[Date "2014.08.24"]
[Round "9.105"]
[White "Gazaev, Ansor"]
[Black "Stark, Steven"]
[Result "0-1"]
[WhiteElo "700"]
[BlackElo "1502"]
[PlyCount "44"]
[EventDate "2014.??.??"]
[WhiteTeam "SC Friesen Lichtenberg e.V."]
[BlackTeam "VfB Hermsdorf e.V."]

1. e4 d5 2. d3 dxe4 3. dxe4 Qxd1+ 4. Kxd1 e5 5. Nf3 f6 6. Nc3 c6 7. Na4 Nd7 8.
Be3 b5 9. Nc3 Bb7 10. a3 a6 11. b4 Ne7 12. g4 Nc8 13. Bh3 Ndb6 14. g5 Be7 15.
Be6 a5 16. Ke2 axb4 17. axb4 Bxb4 18. Bxc8 Nxc8 19. Rxa8 Bxa8 20. Kd3 Bb7 21.
Nd2 Kf7 22. h4 Rd8+ 0-1

[Event "13. Lichtenberger Sommer"]
[Site "?"]
[Date "2014.08.24"]
[Round "9.106"]
[White "Lippianowski, Stefan"]
[Black "Kammler, Hans-Joachim"]
[Result "0-1"]
[WhiteElo "1220"]
[BlackElo "1504"]
[PlyCount "48"]
[EventDate "2014.??.??"]
[WhiteTeam "SV Mattnetz Berlin e.V."]
[BlackTeam "vereinslos"]

1. e4 e6 2. d4 d5 3. exd5 exd5 4. Qe2+ Be7 5. Nc3 Nf6 6. Be3 O-O 7. O-O-O Bb4
8. Nb5 a6 9. c3 axb5 10. cxb4 Rxa2 11. Qxb5 c6 12. Qd3 Qb6 13. Qb3 Ra8 14. Bd3
Be6 15. Ne2 Nbd7 16. f4 Ne4 17. Ng3 Ndf6 18. f5 Bd7 19. h4 Nxg3 20. Rh3 Nxf5
21. Bf2 Nd6 22. Rg3 Nde4 23. Bxe4 Nxe4 24. Rf3 Bg4 0-1

[Event "13. Lichtenberger Sommer"]
[Site "?"]
[Date "2014.08.24"]
[Round "9.107"]
[White "Schmole-Rostosky, Joachim"]
[Black "Wahner, Eberhard"]
[Result "1-0"]
[WhiteElo "1650"]
[BlackElo "1063"]
[PlyCount "43"]
[EventDate "2014.??.??"]
[WhiteTeam "SF Schwarz-Weiß Merzhausen"]
[BlackTeam "vereinslos"]

1. d4 Nf6 2. Nf3 e6 3. b3 d5 4. a3 c5 5. e3 Nc6 6. Bb2 Be7 7. Bd3 O-O 8. Nbd2
Re8 9. O-O b6 10. Ne5 Nxe5 11. dxe5 Nd7 12. f4 Bb7 13. Qg4 f5 14. Qh3 h6 15. g4
fxg4 16. Qxg4 Nf8 17. Rf3 Bh4 18. Rh3 g5 19. Nf3 Kf7 20. Nxh4 gxh4 21. Rxh4 Ke7
22. Qg7# 1-0

[Event "13. Lichtenberger Sommer"]
[Site "?"]
[Date "2014.08.24"]
[Round "9.108"]
[White "Kossuewa, Fatima"]
[Black "Dittrich, Hans-Jürgen"]
[Result "1-0"]
[WhiteElo "797"]
[BlackElo "1166"]
[PlyCount "47"]
[EventDate "2014.??.??"]
[WhiteTeam "SC Friesen Lichtenberg e.V."]
[BlackTeam "vereinslos"]

1. e4 e5 2. Nf3 Nf6 3. Nxe5 Qe7 4. d4 d6 5. Bg5 dxe5 6. Bxf6 gxf6 7. Nc3 Qb4 8.
Qd2 Qxd4 9. Qxd4 exd4 10. Nd5 Bd6 11. Nxf6+ Kf8 12. Be2 Bb4+ 13. c3 dxc3 14.
O-O-O Be7 15. Nd5 cxb2+ 16. Kxb2 Bd6 17. Rhf1 Be6 18. f4 Na6 19. e5 Be7 20.
Nxe7 Kxe7 21. f5 f6 22. fxe6 fxe5 23. Bc4 Rad8 24. Rf7+ 1-0

[Event "13. Lichtenberger Sommer"]
[Site "?"]
[Date "2014.08.24"]
[Round "9.109"]
[White "Kossuewa, Aminat"]
[Black "Eichstädt, Torsten"]
[Result "1/2-1/2"]
[WhiteElo "785"]
[BlackElo "967"]
[PlyCount "32"]
[EventDate "2014.??.??"]
[WhiteTeam "SC Friesen Lichtenberg e.V."]
[BlackTeam "SC Friesen Lichtenberg e.V."]

1. e4 c6 2. Nc3 d5 3. exd5 cxd5 4. d4 Bf5 5. Nf3 Nf6 6. Bb5+ Nbd7 7. O-O e6 8.
Bf4 Bb4 9. Ne5 h6 10. a3 Ba5 11. Na4 O-O 12. Nxd7 Nxd7 13. Nc5 Nxc5 14. dxc5
Bc7 15. Bxc7 Qxc7 16. b4 a6 1/2-1/2